Clicks and mortar (Record no. 68300)

MARC details
000 -LEADER
fixed length control field 01221cam a2200241 4500
001 - CONTROL NUMBER
control field ABS64553
008 - FIXED-LENGTH DATA ELEMENTS--GENERAL INFORMATION
fixed length control field 010918n2001 000 0 eng u
035 ## - SYSTEM CONTROL NUMBER
System control number (Sirsi) u114636
100 ## - MAIN ENTRY--PERSONAL NAME
Personal name Shelton, E.
245 ## - TITLE STATEMENT
Title Clicks and mortar
260 ## - PUBLICATION, DISTRIBUTION, ETC.
Date of publication, distribution, etc. 2001
490 ## - SERIES STATEMENT
Series statement Revolution
Volume/sequential designation 12 September 2001, 24-27(3)
520 ## - SUMMARY, ETC.
Summary, etc. Discusses the vision, aims and facilities offered by the business-to-business construction industry portal Asite. The philosophy behind Asite is that a well-built, beautiful urban environment will help create wealthier, happier individuals. It hopes to facilitate the achievement of this vision by, for instance, increasing efficiency and harmonisation in the construction industry, through the use of new communications technologies, and the standardisation of components and procedures. Asite seeks to become the central information hub and productivity tool kit for the entire construction industry - from architects to material manufacturers.
590 ## - LOCAL NOTE (RLIN)
Local note ABS
650 ## - SUBJECT ADDED ENTRY--TOPICAL TERM
Topical term or geographic name entry element ASITE
650 ## - SUBJECT ADDED ENTRY--TOPICAL TERM
Topical term or geographic name entry element PORTALS
650 ## - SUBJECT ADDED ENTRY--TOPICAL TERM
Topical term or geographic name entry element HARMONISATION
650 ## - SUBJECT ADDED ENTRY--TOPICAL TERM
Topical term or geographic name entry element EFFICIENCY
650 ## - SUBJECT ADDED ENTRY--TOPICAL TERM
Topical term or geographic name entry element STANDARDISATION
650 ## - SUBJECT ADDED ENTRY--TOPICAL TERM
Topical term or geographic name entry element BUILT ENVIRONMENT
690 ## - LOCAL SUBJECT ADDED ENTRY--TOPICAL TERM (OCLC, RLIN)
Topical term or geographic name as entry element INFORMATION TECHNOLOGY-INTERNET
942 ## - ADDED ENTRY ELEMENTS (KOHA)
Suppress in OPAC 0
Holdings
Withdrawn status Lost status Source of classification or shelving scheme Damaged status Not for loan Home library Current library Shelving location Date acquired Total Checkouts Full call number Barcode Date last seen Copy number Price effective from Koha item type
    Dewey Decimal Classification     London London Journal article 18/09/2001   ABS64553 114636-1001 06/08/2019 1 06/08/2019 Journal article